000 00437nam a2200181Ia 4500
001 13705
005 20260306164820.0
008 260306t2015||||xx |||||||||||||| ||spa||
041 _aESP
082 _a005.133
_bM12
100 _aMcDowell, Gayle Laakmann,
_eAUT
245 0 _aCracking the coding interview
260 _c2015
300 _ax, 696 páginas :
_c25 cm.
650 _aGEN
654 _aCCC
942 _cLIB
_dJUS
_fJUS
_2ddc
_n
999 _c13705
_d13705